| 000 | 00658nam a2200181 a 4500 | ||
|---|---|---|---|
| 005 | 20210223125955.0 | ||
| 008 | 060508s2005 000 eng d | ||
| 020 | _a9707860030 | ||
| 035 | _aUPN01000145572 | ||
| 049 | _aCG | ||
| 050 | 4 |
_aJS2138.3 _bS5.6 |
|
| 111 | 2 |
_aSimposio acerca de las urnas electrónicas para la emisión del voto ciudadano _d(2004 : _cMéxico) |
|
| 245 | 1 | 0 | _aMemoria del simposio acerca de las urnas electrónicas para la emisión del voto ciudadano. |
| 260 |
_aMéxico : _bInstituto Electoral del Distrito Federal, _c2005. |
||
| 300 |
_a269 p. : _bil. |
||
| 650 | 4 |
_aVOTACION ELECTRONICA - _zMEXICO (D.F.) _919824 |
|
| 905 | _aLibro | ||
| 999 |
_c117718 _d117718 |
||